میری تمام سرگزشت / (Record no. 108640)

MARC details
000 -LEADER
fixed length control field 00883nam a22002657a 4500
005 - DATE AND TIME OF LATEST TRANSACTION
control field 20170123162343.0
010 ## - LIBRARY OF CONGRESS CONTROL NUMBER
LC control number B-029330
020 ## - INTERNATIONAL STANDARD BOOK NUMBER
Terms of availability 150.00
035 ## - SYSTEM CONTROL NUMBER
System control number B-029330
037 ## - SOURCE OF ACQUISITION
Source of stock number/acquisition Cen Lib/Ret
040 ## - CATALOGING SOURCE
Original cataloging agency DPL
Language of cataloging UR
082 ## - DEWEY DECIMAL CLASSIFICATION NUMBER
Classification number 921
Item number ا ب و
100 ## - MAIN ENTRY--PERSONAL NAME
Personal name ابل حسن علی ندوی
9 (RLIN) 129379
245 ## - TITLE STATEMENT
Title میری تمام سرگزشت /
Statement of responsibility, etc ابل حسن علی ندوی
246 ## - VARYING FORM OF TITLE
Title proper/short title Meri tamaam sarguzasht /
Remainder of title by Abul Hasan Ali Nadvi
260 ## - PUBLICATION, DISTRIBUTION, ETC. (IMPRINT)
Place of publication, distribution, etc نیی دہلی
Name of publisher, distributor, etc محمّد نسیم
Date of publication, distribution, etc 2000
270 ## - ADDRESS
Address ٢٥٤٥، تارہا م خاں
City نیی دہلی
Postal code 110002
300 ## - PHYSICAL DESCRIPTION
Extent 191p.
Dimensions 21cm(Hb)
500 ## - GENERAL NOTE
General note کتابیات
650 ## - SUBJECT ADDED ENTRY--TOPICAL TERM
Topical term or geographic name as entry element ادب -- ہندی
9 (RLIN) 129380
650 ## - SUBJECT ADDED ENTRY--TOPICAL TERM
Topical term or geographic name as entry element ادبی تنقید
9 (RLIN) 129381
650 ## - SUBJECT ADDED ENTRY--TOPICAL TERM
Topical term or geographic name as entry element Literature -- Hindi
9 (RLIN) 83958
650 ## - SUBJECT ADDED ENTRY--TOPICAL TERM
Topical term or geographic name as entry element literary criticism
9 (RLIN) 23292
942 ## - ADDED ENTRY ELEMENTS (KOHA)
Source of classification or shelving scheme Dewey Decimal Classification
Koha item type Urdu Bks
Classification part 921
Call number suffix ا ب و
Holdings
Withdrawn status Lost status Damaged status Not for loan Home library Current library Date acquired Source of acquisition Cost, normal purchase price Total Checkouts Full call number Barcode Date last seen Copy number Cost, replacement price Price effective from Koha item type
        Central Library Central Library 01/02/2016 Cen Lib/Ret 150.00   921 ا ب و B-029330 01/02/2016 1 150.00 01/02/2016 Urdu Bks

© Delhi Public Library
Hit Counter
free hit counter